Quizzes
Events
Quiz Creation
Community
Videos
Private Events
Remove Ads
Sign In
Join for FREE
Feedback
Dark Mode
Quiz Categories
Sports
Geography
Music
Movies
Television
Just For Fun
Miscellaneous
History
Literature
Language
Science
Gaming
Entertainment
Religion
Holiday
For Kids
Quiz Lab
Recent
Popular Today
Quiz Kudos Today
Editor Picks
Curator Picks
Quizzes by...
Day
Popularity
Type
Ratings
Length
Year
Community
Subscriptions
Recent Discussions
Orange Saloon
Badges
Playlists
Quests
Create
Leaderboards
Showdown
Live 5
Trivia Bingo
Activity
Puzzle Library
Sporcle Events
Private Events
Virtual Trivia
Globe League
Become a Host
Pub Owners
SporcleCon
Opinionation
Our Games
Videos
Blog
Mobile Apps
Partnerships
Remove Ads and Go Orange
Feedback
Television
TV Characters
TV Show
Sitcom
Network
Friends
Reality Shows
Cast
South Park
Star Trek
The Simpsons
Doctor Who
Television
TV Characters
TV Show
Sitcom
Network
Friends
Reality Shows
Cast
South Park
Star Trek
The Simpsons
Doctor Who
Random Quiz
Search Sporcle
×
Quiz Lab
Quiz Lab
Television
TV Show
Type in answers that appear in a list
Type in answers that appear in a list
Classic
Best Score? Go Orange.
TV Plot Haikus Reloaded Stats
Can you name the TV shows, with clues given in haiku form?
By
CharginChuck
9m
18 Questions
196 Plays
196 Plays
196 Plays
Comments
Comments
Give Quiz Kudos
Give Quiz Kudos
-
- Ratings
hide this ad
Replay
Link that replays current quiz
Next Quiz
Link to next quiz in quiz playlist
You Got
0%
They Got
Avg Score
44%
Avg Friend Score
Upgrade to see
Score Distribution
Jump to the score distribution portion of the page
Score
0/18
Timer
09:00
0
Plays Today
Haiku
Show
% Correct
Long, rambling story
Legen-
wait for it-
dary!
Why did your voice change?
How I Met Your Mother
81.6%
Team of good guy mercs
Shooting, but no one gets hit
I pity the fool!
The A-Team
78.6%
Dynamic Duo
Fighting hammy criminals
BAM! POW! SOCK! ZAP! BIFF!
Batman
75.5%
A team of experts
Testing out urban legends
Explosions are fun!
Mythbusters
75.5%
Random cutaways
Fighting the Giant Chicken
Damn you, vile woman!
Family Guy
65.8%
Cars, trucks and aircraft
Battle for their world and ours
Until all are one
Transformers
64.8%
Colorful equines
Learning lessons of friendship
Adult men love it
My Little Pony: Friendship is Magic
61.7%
Water, Earth, Fire, Air
One can weild them all to bring
Balance to the world
Avatar: The Last Airbender
51.5%
Good news, everyone!
Man of yesterday works with
Cyclops and robot
Futurama
49%
Haiku
Show
% Correct
Madman with a box
It's bigger on the inside
A lot of running
Doctor Who
47.4%
King of the Nerd Herd
The Intersect's in his brain
*FLASH* 'I know kung fu.'
Chuck
31.1%
Snarky family
Run the Gold and Silver shop
And bicker. A LOT.
Pawn Stars
30.1%
A spy named Duchess
Living in the Danger Zone
That's how you get ants.
Archer
26%
Out there in the Black
A crew of big damn heroes
Aim to misbehave
Firefly
19.4%
Everyone's dead, Dave
Three million years from Earth
Still, you've got to laugh.
Red Dwarf
14.8%
Government agents
Snag, bag and tag artifacts
The bad guys get bronzed
Warehouse 13
12.8%
Not a bumblebee
Coffee jingles are metal
The clown does cocaine.
Metalocalypse
7.7%
Team of a genius,
Dynamic go-
getter and
A man from Ireland
The IT Crowd
4.6%
Quiz Playlist
Details
Report
Send in Message
Add To Playlist
Classic:
Type in answers that appear in a list
Last Updated: Feb 16, 2017
Quiz Scoreboard
CHALLENGE
Sign Up to Join the Scoreboard
Show All
Scores
Hide
Comments
May contain spoilers
Recently Published
College Basketball Coaching Resumes
by pancakes188
Sports
9m
Billboard Blitz: Fleetwood Mac
by CooCooCachoo
Music
15s
Presidents Visiting Landmarks
by Hejman
History
7m
More to Explore
Quiz From the Vault
Featured Blog Post
Where Did the Easter Bunny Come From?
hide this ad
You Might Also Like...
Tags
TV Show Quiz
haiku
Today's Top Quizzes in Television
Browse Television
hide this ad
Today's Top Quizzes in TV Show
Browse TV Show
Top Contributed Quizzes in Television
1
5-to-1: The Simpsons Families
2
5-to-1: Television Doctors
3
7-to-1: TV Show Settings
4
5-to-1: Streaming Originals
5
One Piece Logic Puzzle
6
Survivor Seasons
7
Survivor Logic Puzzle: Heroes vs. Villains
8
All US Survivor Seasons in Order
9
TV Shows by First Names
10
Survivor Season by Logo
Explore More
Trending Topics
Kpop
NBA
Crossword
Harry Potter
Anime
Disney
Marvel
Pokémon
Soccer
Song
Country
WWE
The Office
Puzzle
NFL
hide this ad
More By:
CharginChuck
Quiz
Plays
Rating
Category
Featured
Created
Famous Rivals II
4,333
4.11
Miscellaneous
Apr 10, 2013
TV Shows According to Netflix
3,170
4.50
Television
Apr 25, 2013
Follow That Line: My Little Pony Friendship is Magic
2,976
4.18
Television
Aug 13, 2012
Rogues Gallery Match
627
4.67
Entertainment
Apr 8, 2013
TV Shows by Final Line
266
4.00
Television
Mar 3, 2013
Go to Creator's Profile
Score Distribution
Quiz Creator Spotlight
CharginChuck
Follow
Send a Message
Quizzes Created
-
Created Quiz Play Count
-
More By This Creator
Popular Quizzes Today
1
Find the US States - No Outlines Minefield
2
Find the Countries of Europe - No Outlines Minefield
3
The Countries of the World
4
Find the US States
5
Risky Map Clicking: Biggest States A-Z
6
US States
7
Popular People in 1961
8
Movies - When Are They Set?
More Television Quizzes
The Office: Last Words
Curator's Pick
Trending Quizzes
Risky Map Clicking: Least Populous States A-Z
1-10 Letter G Words
1-10 Letter F Words
Risky Map Clicking: Next State Alphabetically
Risky Map Clicking: Biggest States A-Z
Recently Updated
Leaping Animals
pecheneg
Reality TV Shows (A-Z)
bhenderson79
Rickey Henderson's Hall of Fame Teammates
pecheneg
Champions League XIs: Arsenal
pecheneg
Quick Pick: Celebrities in WWE's Hall of Fame
aduchscher
A-Z Keypad Blitz II
pecheneg
Multiple Oscar Actors
pecheneg
Mystery Phrase Blitz: Oscar 'Best Actors'
pecheneg
F. Scott Fitzgerald Novels
LTH
Pick 3 Villains
ddd62291
Trending Topics
Anime
Crossword
Marvel
Harry Potter
Kpop
NBA
Disney
Puzzle
Pokémon
The Office
Country
NFL
WWE
Song
Soccer
Your Account Isn't Verified!
In order to create a playlist on Sporcle, you need to verify the email address you used during registration. Go to your
Sporcle Settings
to finish the process.
Report this User
Report this user for behavior that violates our
Community Guidelines
.
Details:
Send Report
Go to the Sporcle.com Mobile Site →
Comments